Culture générale ! Une image... Un des... (14) - Statistiques

Statistiques générales
  • Ce quiz a été pris 87 fois
  • Le résultat moyen est 7 sur 20
Statistiques - réponses
Par images Hint Réponse % Correct
sports olympique judo
96%
plus célèbres horloges du monde big ben
80%
pays d'Asie Népal
79%
chefs cuisiniers français Cyril Lignac
72%
mois de l'année juillet
51%
tsars de Russie Nicolas II
42%
crustacés langoustine
41%
films français célébrissimes Le Corniaud
41%
arbres fruitier amandier
32%
outils de télécommunication modem
32%
races de chien teckel
25%
compagnies aériennes British airways
20%
yéyés Sylvie Vartan
20%
présentatrices Danièle Gilbert
18%
types de verre mazagran
18%
châteaux français les plus populaires Chantilly
15%
artistes français Maurice Chevalier
14%
outils de jardinage plantoir
10%
stations du métro parisien Pont neuf
1%
batailles de l'histoire de France Tolbiac
0%
Aucun quiz correspondant
Distribution des résultats
% des personnes avec chaque résultat
Percentile par nombre de réponses
Votre historique - résultats
Vous n’avez pas pris ce quiz